| 000 | 01031nam a2200265Ia 4500 | ||
|---|---|---|---|
| 008 | 130821s2012 ck gr spa | ||
| 020 | _a9789586956 | ||
| 040 |
_aCo-BoUCM _bspa |
||
| 041 | 0 | 0 | _aspa |
| 245 | 0 | 0 |
_aPerspectivas contemporáneas en la investigación jurídica _cCarlos Alberto Agudelo...[y otros] ; Helena Alviar García, coordinadora. |
| 260 |
_aBogotá (Colombia) _bEdiciones Uniandes _c2012 |
||
| 300 | _a210 páginas | ||
| 504 | _aIncluye bibliografía. | ||
| 650 | 0 | 4 |
_aDerecho _xMetodología _934556 |
| 650 | 0 | 4 |
_aInvestigación jurídica _917999 |
| 650 | 0 | 4 |
_aTeoría del derecho _925308 |
| 700 | 1 |
_aAgudelo, Carlos Alberto _9160161 |
|
| 700 | 1 |
_aAlviar García, Helena _ecoordinadora. _951837 |
|
| 700 | 1 |
_aBarreto Moreno, Antonio Alejandro _9160162 |
|
| 700 | 1 |
_aBuchely Ibarra, Lina Fernanda _9106297 |
|
| 700 | 1 |
_aCastillo Yadira. _9160163 |
|
| 710 | 1 |
_aUniversida de los Andes. _bFacultad de Derecho _971395 |
|
| 942 |
_cLIBRO _a8 _e1 _mP467 _2DEWEY _h340.072 |
||
| 999 |
_c39628 _d39628 |
||